00926cam a2200289u 450000100060000000300080000600500170001400800390003103500190007004000330008904100080012208200220013010000350015224500680018726000490025530000320030460000360033660000310037261000180040365000340042165000220045565000210047765100300049865500330052865500240056170000510058517440BD-RjUL20211209000136.0140217s1934 mau 000 0 eng a(BD-RjUL)17498 aDLCcCarPdDLCdBD-RjULbeng aeng00219a813bNOP 19341 aNordhoff, Charles,d1887-1947.10aPitcairn's island /cby Charles Nordhoff and James Norman Hall. aBoston :bLittle, Brown, and company,c1934. aviii, 333, [4] p. ;c22 cm.10aChristian, Fletcher,d1764-179310aBligh, William,d1754-181720aBounty (Ship) 0aBounty Mutiny, 1789vFiction. 0aSailorsvFiction. 0aMutinyvFiction. 0aPitcairn IslandvFiction. 7aBiographical fiction.2gsafd 7aSea stories.2gsafd1 aHall, James Norman,d1887-1951,ejoint author.